Estatísticas para Cultura Geral

Clique aqui para jogar o quiz

Estatísticas Gerais

  • Esse quiz foi jogado 12 vezes
  • A pontuação média é 5 de 15

Estatísticas das Respostas

HintResposta% Correto
Qual país sediou a Copa do Mundo em 2010?África do Sul
100%
Quem é o recordista mundial dos sprints masculinos de 100m e 200m?Usain Bolt
90%
Que estação do ano vem antes do verão?Primavera
80%
No horário de verão quantas horas é adiantado o relógio?Uma
70%
Quem faz o juramento de Hipócrates?Médicos
40%
Quem é o personagem principal da série "Jogos Vorazes"?Katniss Everdeen
30%
Quem levou os ratos para fora da cidade de Hamelin e depois levou as crianças para longe quando os habitantes da cidade se recusaram a pagá-lo?Flautista
20%
Que tipo de animal é Speedy Gonzalez?Rato
20%
Qual é a palavra culinária para a carne de um bezerro de vaca?Vitela
20%
Quem é o atual primeiro ministro de Portugal?António Costa
10%
A que filme pertence a música "Iris"?Cidade dos Anjos
10%
Em peso, qual é a fruta mais consumida nos Estados Unidos?Bananas
0%
No filme Cidade dos Anjos qual é a profissão de Maggie?Cirurgiã
0%
Que parte de um automóvel mede a distância percorrida?Hodómetro
0%
No filme Cidade dos Anjos como se chama o anjo que fica encarregado de tomar conta de Los Angeles?Seth
0%

Distribuição das Pontuações

Percentil de Números Respondidos

Porcentagem de Pessoas com Cada Pontuação

Sua Pontuação Histórica

Você não jogou esse quiz